[Event "BCF-ch U140"]
[Site "Coventry"]
[Date "2015.07.28"]
[Round "2"]
[White "Bullock, Lee"]
[Black "Evans, Jack"]
[Result "1-0"]
[WhiteElo "1527"]
[BlackElo "117"]
[PlyCount "91"]
[EventDate "2015.07.27"]
[EventType "swiss"]
[EventRounds "5"]
[EventCountry "ENG"]
[SourceTitle "EXT 2016"]
[Source "ChessBase"]
[SourceDate "2015.10.08"]
[SourceVersion "1"]
[SourceVersionDate "2015.10.08"]
[SourceQuality "1"]

1. e4 e6 2. b3 d5 3. Bb2 Nf6 4. g4 Nxe4 5. Bg2 Nf6 6. Qe2 Bc5 7. d3 Bb6 8. g5 Nfd7 9. Bxg7 Qxg5 10. Bxh8 Qxg2 11. Qf3 Bxf2+ 12. Ke2 Qxf3+ 13. Nxf3 Bb6 14. d4 Kf8 15. Rg1 Nc6 16. c3 Ne7 17. Rg7 Ng6 18. Rxh7 Kg8 19. Ng5 Nxh8 20. Rh6 c5 21. Na3 a6 22. Rg1 Ng6 23. Nxe6 fxe6 24. Rgxg6+ Kf8 25. Rxe6 Bd8 26. Rh8+ Kf7 27. Ree8 Bf6 28. Rhg8 Nb6 29. dxc5 Nd7 30. Rxc8 Rxc8 31. Rxc8 Bxc3 32. Rc7 Ke6 33. Rxb7 Nxc5 34. Rc7 Bb4 35. Nc2 Kd6 36. Nxb4 Kxc7 37. Nxd5+ Kd6 38. Nb4 a5 39. Nd3 Ne6 40. Nb2 Nc5 41. Nc4+ Kc6 42. Nxa5+ Kb5 43. Nc4 Kb4 44. h4 Ne6 45. Kf3 Ng7 46. Kg4 1-0

[Event "Weymouth Minor op"]
[Site "Weymouth"]
[Date "2008.10.24"]
[Round "1"]
[White "Evans, Jack"]
[Black "Alexander, Ken"]
[Result "1-0"]
[WhiteElo "920"]
[BlackElo "1336"]
[PlyCount "41"]
[EventDate "2008.10.24"]
[EventType "swiss"]
[EventRounds "5"]
[EventCountry "ENG"]
[SourceTitle "EXT 2011"]
[Source "ChessBase"]
[SourceDate "2010.11.26"]
[SourceVersion "1"]
[SourceVersionDate "2010.11.26"]
[SourceQuality "1"]

1. d4 d5 2. Nf3 e6 3. Bg5 Be7 4. Bf4 Nf6 5. e3 Nbd7 6. Nbd2 0-0 7. Bd3 c5 8. c3 b6 9. Ng5 a6 10. Qf3 Re8 11. Qh3 Nf8 12. Be5 g6 13. Qh6 Bd6 14. f4 Bb7 15. Be2 Bxe5 16. fxe5 Ne4 17. Ndxe4 dxe4 18. Rf1 Re7 19. Rf4 cxd4 20. exd4 b5 21. Rh4 1-0